000 00629nam a2200217Ia 4500
003 IN-BaIIA
008 211028s9999 xx 000 0 eng d
040 _cIIA Library
080 _a(035)669
_bMET-6
245 0 _aWelding and Brazing
_cedited by Taylor Lyman
250 _a8th ed.
260 _aOhio
_bAmerican Society for Metals
_c1977
300 _axviii, 734p.
650 _aAstronomy and Astrophysics Thesaurus
650 _aBrazing
_910425
650 _aHandbooks-Metals
650 _aMetals-Handbooks
650 _aWelding
_97330
700 _aLyman, Taylor. ed.
942 _cBK
999 _c6006
_d6006